000 00553nam a22001817a 4500
005 20250321111459.0
008 250305b |||||||| |||| 00| 0 eng d
020 _a0170087123
082 _aDC 510 B851 1994
100 _aBuchan, Andrew.
_965686
245 _aMaths maintenance /
_cAndrew Buchan and Vincent King.
250 _aReprinted.
260 _aAustralia :
_bThomas Nelson Australia,
_c©1994.
300 _a64 pages :
_billustrations ;
_c27 cm.
650 0 _aMathematics.
_91041
700 _aKing, Vincent.
_965687
_eauthor.
942 _2ddc
_cDC
999 _c23569
_d23569